Mathematical methods in chemical engineering (Record no. 25039)

000 -LEADER
fixed length control field 00548nam a22002051 4500
001 - CONTROL NUMBER
control field 25039
003 - CONTROL NUMBER IDENTIFIER
control field BD-DhUET
008 - FIXED-LENGTH DATA ELEMENTS--GENERAL INFORMATION
fixed length control field 730313s1963 xx 000 0 eng
040 ## - CATALOGING SOURCE
Original cataloging agency DLC
Transcribing agency OClU
Modifying agency BD-DhUET
082 ## - DEWEY DECIMAL CLASSIFICATION NUMBER
Classification number 660.28
Item number JEN/1963
100 ## - MAIN ENTRY--PERSONAL NAME
Personal name Jenson, V. G.
245 10 - TITLE STATEMENT
Title Mathematical methods in chemical engineering
250 ## - EDITION STATEMENT
Edition statement 1st ed.
260 ## - PUBLICATION, DISTRIBUTION, ETC. (IMPRINT)
Place of publication, distribution, etc. London
Name of publisher, distributor, etc. Academic Press
Date of publication, distribution, etc. 1963
300 ## - PHYSICAL DESCRIPTION
Extent xi, 556 p.
Other physical details illus.
Dimensions 24cm.
504 ## - BIBLIOGRAPHY, ETC. NOTE
Bibliography, etc Includes bibliographies
650 #0 - SUBJECT ADDED ENTRY--TOPICAL TERM
Topical term or geographic name as entry element Chemical engineering
700 ## - ADDED ENTRY--PERSONAL NAME
Personal name Jeffreys, G. V.
942 ## - ADDED ENTRY ELEMENTS (KOHA)
Koha item type General Book
Holdings
Price effective from Withdrawn status Koha normalized classification for sorting Damaged status Shelving location Not for loan Koha date last seen Lost status Date acquired Copy number Location (home branch) Source of classification or shelving scheme Sublocation or collection (holding branch) Piece designation (barcode) Koha full call number Koha item type
2015-05-12 660_280000000000000_JEN_1963 Circulation section 2015-05-12 2015-05-121Central Library, BUET Central Library, BUET22438660.28/JEN/1963General Book
2015-05-12 660_280000000000000_JEN_1963 Circulation section 2015-05-12 2015-05-122Central Library, BUET Central Library, BUET22440660.28/JEN/1963General Book
2015-05-12 660_280000000000000_JEN_1963 Circulation section 2015-05-12 2015-05-123Central Library, BUET Central Library, BUET22434660.28/JEN/1963General Book
2015-05-18 660_280000000000000_JEN_1963 Circulation section 2015-05-18 2015-05-184Central Library, BUET Central Library, BUET22432660.28/JEN/1963General Book
2015-05-18 660_280000000000000_JEN_1963 Circulation section 2015-05-18 2015-05-185Central Library, BUET Central Library, BUET22435660.28/JEN/1963General Book
2015-05-18 660_280000000000000_JEN_1963 Circulation section 2015-05-18 2015-05-186Central Library, BUET Central Library, BUET29450660.28/JEN/1963General Book
2015-05-18 660_280000000000000_JEN_1963 Circulation section 2015-05-18 2015-05-187Central Library, BUET Central Library, BUET29449660.28/JEN/1963General Book
2015-05-18 660_280000000000000_JEN_1963 Circulation section 2015-05-18 2015-05-188Central Library, BUET Central Library, BUET29448660.28/JEN/1963General Book
2015-05-18 660_280000000000000_JEN_1963 Circulation section 2015-05-18 2015-05-189Central Library, BUET Central Library, BUET29457660.28/JEN/1963General Book
2015-05-18 660_280000000000000_JEN_1963 Circulation section 2015-05-18 2015-05-1810Central Library, BUET Central Library, BUET29454660.28/JEN/1963General Book
2015-05-18 660_280000000000000_JEN_1963 Circulation section 2015-05-18 2015-05-1811Central Library, BUET Central Library, BUET29453660.28/JEN/1963General Book
2015-05-18 660_280000000000000_JEN_1963 Circulation section 2015-05-18 2015-05-1812Central Library, BUET Central Library, BUET29451660.28/JEN/1963General Book
2015-05-18 660_280000000000000_JEN_1963 Circulation section 2015-05-18 2015-05-1813Central Library, BUET Central Library, BUET22431660.28/JEN/1963General Book
2015-05-18 660_280000000000000_JEN_1963 Circulation section 2015-05-18 2015-05-1814Central Library, BUET Central Library, BUET29452660.28/JEN/1963General Book
2015-05-18 660_280000000000000_JEN_1963 Circulation section 2015-05-18 2015-05-1815Central Library, BUET Central Library, BUET22436660.28/JEN/1963General Book
2015-06-17 660_280000000000000_JEN_1963 Reading section 2015-06-17 2015-06-1716Central Library, BUET Central Library, BUET29456660.28/JEN/1963Reading Item
2015-06-18 660_280000000000000_JEN_1963 Reading section 2015-06-18 2015-06-1817Central Library, BUET Central Library, BUET29455.660.28/JEN/1963Reading Item
2015-07-10 660_280000000000000_JEN_1963 Reading section 2015-07-10 2015-07-1018Central Library, BUET Central Library, BUET22439660.28/JEN/1963Reading Item